[Event "BCF-ch rapidplay 34th"]
[Site "Bingley"]
[Date "2023.04.15"]
[Round "3"]
[White "Gormally, Daniel"]
[Black "Smith, Andrew Philip"]
[Result "1-0"]
[WhiteElo "2434"]
[BlackElo "2038"]
[PlyCount "52"]
[EventDate "2023.04.15"]
[EventType "swiss (rapid)"]
[EventRounds "11"]
[EventCountry "ENG"]
[SourceTitle "CBM 213 Extra"]
[Source "ChessBase"]
[SourceDate "2023.05.31"]
[SourceVersion "1"]
[SourceVersionDate "2023.05.31"]
[SourceQuality "1"]

1. d4 Nf6 2. Nf3 c5 3. d5 e6 4. c4 exd5 5. cxd5 d6 6. Nc3 g6 7. e4 Bg7 8. h3 0-0 9. Bd3 a6 10. a4 Re8 11. 0-0 Nh5 12. Bg5 Bf6 13. Bh6 Nd7 14. Qd2 Rb8 15. Rae1 Ne5 16. Be2 Nxf3+ 17. Bxf3 Ng7 18. Bd1 b5 19. axb5 axb5 20. b4 cxb4 21. Na2 Qa5 22. Nxb4 Bd7 23. Bg4 Bxg4 24. hxg4 Rbc8 25. Nc6 Bc3 26. Nxa5 Bf6 1-0

[Event "BCF-chT 2122 (4NCL)"]
[Site "England"]
[Date "2022.06.26"]
[Round "11.14"]
[White "Smith, Andrew Philip"]
[Black "Csonka, Balazs"]
[Result "0-1"]
[WhiteElo "2126"]
[BlackElo "2496"]
[PlyCount "46"]
[EventDate "2021.11.27"]
[EventType "team-swiss"]
[EventRounds "11"]
[EventCountry "ENG"]
[SourceTitle "EXT 2023"]
[Source "ChessBase"]
[SourceDate "2022.10.05"]
[SourceVersion "1"]
[SourceVersionDate "2022.10.05"]
[SourceQuality "1"]
[WhiteTeam "Barnet Knights"]
[BlackTeam "Chess.com Manx Liberty"]
[WhiteTeamCountry "ENG"]
[BlackTeamCountry "ENG"]

1. e4 e5 2. d4 exd4 3. Qxd4 Nc6 4. Qe3 Nf6 5. Nc3 Bb4 6. Bd2 0-0 7. 0-0-0 Re8 8. Bc4 d6 9. Nf3 Be6 10. Bxe6 Rxe6 11. Ng5 Re8 12. f3 Ne5 13. Qe2 c6 14. f4 Bxc3 15. Bxc3 Ng6 16. g3 h6 17. h4 hxg5 18. hxg5 Nxe4 19. Qh5 Nxc3 20. bxc3 Qa5 21. Rh2 Qxc3 22. f5 Re5 23. fxg6 Qa3+ 0-1

[Event "BCF-chT 2122 (4NCL)"]
[Site "England"]
[Date "2022.04.30"]
[Round "7.93"]
[White "Cyfka, Karina"]
[Black "Smith, Andrew Philip"]
[Result "1-0"]
[WhiteElo "2403"]
[BlackElo "2126"]
[PlyCount "69"]
[EventDate "2021.11.27"]
[EventType "team-swiss"]
[EventRounds "11"]
[EventCountry "ENG"]
[SourceTitle "EXT 2023"]
[Source "ChessBase"]
[SourceDate "2022.10.05"]
[SourceVersion "1"]
[SourceVersionDate "2022.10.05"]
[SourceQuality "1"]
[WhiteTeam "Celtic Tigers"]
[BlackTeam "Barnet Knights"]
[WhiteTeamCountry "ENG"]
[BlackTeamCountry "ENG"]

1. d4 Nf6 2. c4 c5 3. d5 e6 4. Nc3 exd5 5. cxd5 d6 6. Nf3 g6 7. Nd2 Nbd7 8. e4 Bg7 9. Be2 0-0 10. 0-0 Ne8 11. a4 a6 12. Qc2 Rb8 13. f4 f5 14. exf5 gxf5 15. Ra3 Ndf6 16. a5 Nc7 17. Bc4 Bd7 18. Rb3 Ng4 19. Nf3 Bd4+ 20. Kh1 Ne3 21. Bxe3 Bxe3 22. Ng5 Bd4 23. Rb6 Rf6 24. Qe2 Bxc3 25. bxc3 Bb5 26. Ne6 Qe7 27. Nxc7 Qxe2 28. Bxe2 Bxe2 29. Re1 Bd3 30. Ne8 Rg6 31. Nxd6 Rd8 32. Re6 Be4 33. Nxe4 fxe4 34. c4 Rxe6 35. Rxe6 1-0

[Event "Harrogate 4NCL op 27th"]
[Site "Harrogate"]
[Date "2022.01.23"]
[Round "5"]
[White "Bradbury, Neil H"]
[Black "Smith, Andrew Philip"]
[Result "0-1"]
[WhiteElo "2198"]
[BlackElo "2112"]
[PlyCount "56"]
[EventDate "2022.01.21"]
[EventType "swiss"]
[EventRounds "5"]
[EventCountry "ENG"]
[SourceTitle "CBM 206 Extra"]
[Source "ChessBase"]
[SourceDate "2022.03.31"]
[SourceVersion "1"]
[SourceVersionDate "2022.03.31"]
[SourceQuality "1"]

1. d4 Nf6 2. c4 c5 3. d5 e6 4. Nc3 exd5 5. cxd5 d6 6. e4 g6 7. Nf3 Bg7 8. Bg5 h6 9. Bh4 a6 10. a4 g5 11. Bg3 Nh5 12. Nd2 Nxg3 13. hxg3 Nd7 14. Nc4 Ne5 15. Ne3 Qe7 16. Be2 Bd7 17. 0-0 0-0 18. Qc2 g4 19. a5 h5 20. Na4 h4 21. gxh4 Qxh4 22. Ra3 Nf3+ 23. Bxf3 gxf3 24. Nb6 Bb5 25. Nxa8 Be5 26. g3 Qh3 27. Re1 f5 28. exf5 Kf7 0-1

[Event "Harrogate 4NCL op 27th"]
[Site "Harrogate"]
[Date "2022.01.21"]
[Round "1"]
[White "Pal, Rohan"]
[Black "Smith, Andrew Philip"]
[Result "1/2-1/2"]
[WhiteElo "1817"]
[BlackElo "2112"]
[PlyCount "67"]
[EventDate "2022.01.21"]
[EventType "swiss"]
[EventRounds "5"]
[EventCountry "ENG"]
[SourceTitle "CBM 206 Extra"]
[Source "ChessBase"]
[SourceDate "2022.03.31"]
[SourceVersion "1"]
[SourceVersionDate "2022.03.31"]
[SourceQuality "1"]

1. e4 e5 2. Nf3 d6 3. d4 Nd7 4. Bc4 Qe7 5. Ng5 Nh6 6. Nc3 c6 7. d5 c5 8. 0-0 g6 9. Be3 Bg7 10. f3 0-0 11. Qd2 Nb6 12. Be2 f5 13. Ne6 Bxe6 14. Bg5 Bf6 15. Bxh6 Bd7 16. Bxf8 Rxf8 17. g3 Bg5 18. Qe1 a6 19. Nd1 h5 20. Qa5 Na8 21. Nf2 Be3 22. Kg2 Qg5 23. Nd1 Bd2 24. Qa3 f4 25. Kf2 fxg3+ 26. hxg3 h4 27. Rg1 hxg3+ 28. Rxg3 Be1+ 29. Kxe1 Qxg3+ 30. Kd2 Nc7 31. c4 Ne8 32. Qe3 Kg7 33. Nf2 Qf4 34. Qxf4 1/2-1/2

[Event "ENG-ch Seniors 50"]
[Site "Milton Keynes"]
[Date "2021.10.05"]
[Round "2"]
[White "Smith, Andrew Philip"]
[Black "Gibbs, Dominic V"]
[Result "1-0"]
[WhiteElo "2133"]
[BlackElo "1861"]
[PlyCount "89"]
[EventDate "2021.10.04"]
[EventType "swiss"]
[EventRounds "7"]
[EventCountry "ENG"]
[SourceTitle "EXT 2023"]
[Source "ChessBase"]
[SourceDate "2022.10.05"]
[SourceVersion "1"]
[SourceVersionDate "2022.10.05"]
[SourceQuality "1"]

1. e4 c5 2. Nf3 d6 3. d4 cxd4 4. Nxd4 Nf6 5. Nc3 Nc6 6. Bg5 e6 7. Be2 a6 8. Nxc6 bxc6 9. Qd3 Be7 10. Rd1 Qa5 11. Bc1 0-0 12. 0-0 e5 13. f4 Ng4 14. g3 exf4 15. gxf4 Qh5 16. h3 Qc5+ 17. Kg2 Nf6 18. Be3 Qb4 19. a3 Qb8 20. Bc1 d5 21. e5 Ne4 22. Nxe4 dxe4 23. Qxe4 c5 24. Bf3 Ra7 25. f5 Re8 26. Qf4 Kh8 27. Rfe1 Bb7 28. Bxb7 Rxb7 29. b3 Qc8 30. Kh2 Rb6 31. Rf1 Qc6 32. Qf3 Qc7 33. Bf4 Qc6 34. Qxc6 Rxc6 35. Rd7 c4 36. b4 Rb6 37. Rfd1 g5 38. Be3 Rbb8 39. Bd4 Kg8 40. Rg1 h6 41. h4 Rbd8 42. Rxd8 Bxd8 43. f6 Bc7 44. Kh3 Bxe5 45. Re1 1-0

[Event "Newcastle Northumbria Masters"]
[Site "Newcastle on Tyne"]
[Date "2021.08.27"]
[Round "2"]
[White "Arkell, Keith C"]
[Black "Smith, Andrew Philip"]
[Result "1-0"]
[WhiteElo "2382"]
[BlackElo "2144"]
[PlyCount "69"]
[EventDate "2021.08.26"]
[EventType "swiss"]
[EventRounds "9"]
[EventCountry "ENG"]
[SourceTitle "CBM 204 Extra"]
[Source "ChessBase"]
[SourceDate "2021.11.30"]
[SourceVersion "1"]
[SourceVersionDate "2021.11.30"]
[SourceQuality "1"]

1. d4 Nf6 2. Nf3 c5 3. d5 e6 4. Nc3 exd5 5. Nxd5 Nxd5 6. Qxd5 Be7 7. e4 0-0 8. Bc4 d6 9. 0-0 Be6 10. Qd3 Nc6 11. c3 Qd7 12. Bd5 Kh8 13. Re1 Rae8 14. Bf4 Rd8 15. Rad1 Rfe8 16. h3 h6 17. a3 Bf6 18. Qc2 Ne5 19. Bxe5 Bxe5 20. Bxe6 Rxe6 21. Rd5 Rde8 22. Qd3 Qc6 23. Nxe5 dxe5 24. Rd1 R8e7 25. Rd8+ Kh7 26. Rf8 f6 27. Qf3 Rd7 28. Rd5 Red6 29. c4 Re6 30. Rc8 Qxc8 31. Qf5+ g6 32. Qxe6 Rc7 33. Qxf6 Qh8 34. Qxh8+ Kxh8 35. Rxe5 1-0

[Event "BCF-chT2b 1920 (4NCL)"]
[Site "Daventry"]
[Date "2020.02.29"]
[Round "1.65"]
[White "Smith, Andrew Philip"]
[Black "Young, Daniel"]
[Result "1-0"]
[WhiteElo "2166"]
[BlackElo "1947"]
[PlyCount "43"]
[EventDate "2020.01.11"]
[EventType "team-tourn"]
[EventRounds "11"]
[EventCountry "ENG"]
[SourceTitle "CBM 195 Extra"]
[Source "ChessBase"]
[SourceDate "2020.05.31"]
[SourceVersion "1"]
[SourceVersionDate "2020.05.31"]
[SourceQuality "1"]
[WhiteTeam "Barnet Knights"]
[BlackTeam "KJCA Kings"]
[WhiteTeamCountry "ENG"]
[BlackTeamCountry "ENG"]

1. e4 c5 2. Nf3 d6 3. d4 cxd4 4. Nxd4 Nf6 5. Nc3 a6 6. Bg5 e6 7. Qf3 Nbd7 8. Be2 Qc7 9. 0-0-0 b5 10. e5 Bb7 11. exd6 Bxd6 12. Qe3 Rc8 13. Bxb5 0-0 14. Nxe6 fxe6 15. Qxe6+ Kh8 16. Bxd7 Ba3 17. Bxc8 Qxc3 18. Qb3 Qxc8 19. Qxa3 Nd5 20. f3 Qf5 21. Be3 Rc8 22. Rd2 1-0

[Event "London Classic op 11th"]
[Site "London"]
[Date "2019.12.02"]
[Round "5"]
[White "Royal, Shreyas"]
[Black "Smith, Andrew Philip"]
[Result "1/2-1/2"]
[WhiteElo "1941"]
[BlackElo "2172"]
[PlyCount "38"]
[EventDate "2019.11.29"]
[EventType "swiss"]
[EventRounds "9"]
[EventCountry "ENG"]
[SourceTitle "CBM 193 Extra"]
[Source "ChessBase"]
[SourceDate "2020.01.31"]
[SourceVersion "1"]
[SourceVersionDate "2020.01.31"]
[SourceQuality "1"]

1. d4 Nf6 2. c4 c5 3. d5 e6 4. Nc3 exd5 5. cxd5 d6 6. Nf3 g6 7. Bf4 a6 8. a4 Bg7 9. h3 0-0 10. e3 Qe7 11. Be2 Nbd7 12. 0-0 Nh5 13. Bh2 f5 14. Re1 Nhf6 15. Qc2 Rb8 16. Rad1 Re8 17. Bf4 Qf8 18. Bh2 Kh8 19. Bg3 Nh5 1/2-1/2

[Event "GBR-ch 106th"]
[Site "Torquay"]
[Date "2019.07.31"]
[Round "5"]
[White "Smith, Andrew Philip"]
[Black "Wadsworth, Matthew J"]
[Result "0-1"]
[WhiteElo "2147"]
[BlackElo "2418"]
[PlyCount "66"]
[EventDate "2019.07.27"]
[EventType "swiss"]
[EventRounds "9"]
[EventCountry "ENG"]
[SourceTitle "CBM 191 Extra"]
[Source "ChessBase"]
[SourceDate "2019.09.30"]
[SourceVersion "1"]
[SourceVersionDate "2019.09.30"]
[SourceQuality "1"]

1. e4 e6 2. d4 d5 3. Nc3 Bb4 4. e5 c5 5. a3 Bxc3+ 6. bxc3 Qa5 7. Bd2 Qa4 8. Qg4 Kf8 9. Qd1 b6 10. dxc5 bxc5 11. c4 Ne7 12. cxd5 exd5 13. c4 Qxd1+ 14. Rxd1 d4 15. Ba5 Na6 16. Bd3 Nc6 17. Bd2 Nxe5 18. Be4 Rb8 19. Bf4 f6 20. Nf3 Nxf3+ 21. Bxf3 Rb6 22. 0-0 g5 23. Bg3 Bf5 24. Rfe1 h5 25. h4 g4 26. Bd5 Rh7 27. Re2 Nc7 28. Rde1 d3 29. Rd2 Nxd5 30. cxd5 Rhb7 31. Kh2 Kf7 32. Rc1 Rb2 33. Bf4 Rc2 0-1

[Event "GBR-ch 106th"]
[Site "Torquay"]
[Date "2019.07.28"]
[Round "2"]
[White "Smith, Andrew Philip"]
[Black "Ward, Christopher"]
[Result "1-0"]
[WhiteElo "2147"]
[BlackElo "2418"]
[PlyCount "69"]
[EventDate "2019.07.27"]
[EventType "swiss"]
[EventRounds "9"]
[EventCountry "ENG"]
[SourceTitle "CBM 191 Extra"]
[Source "ChessBase"]
[SourceDate "2019.09.30"]
[SourceVersion "1"]
[SourceVersionDate "2019.09.30"]
[SourceQuality "1"]

1. e4 c5 2. Nf3 d6 3. d4 cxd4 4. Nxd4 Nf6 5. Nc3 g6 6. Be2 Bg7 7. Be3 Nc6 8. Nb3 0-0 9. 0-0 Be6 10. f4 Rc8 11. f5 Bd7 12. Qd2 Ne5 13. Rae1 b5 14. a3 a5 15. Bd3 b4 16. axb4 axb4 17. Nd1 Nc4 18. Bxc4 Rxc4 19. Bd4 Qa8 20. Ne3 Nxe4 21. Qd3 Rxd4 22. Nxd4 Nc5 23. Qd1 Qe4 24. Nf3 Bc6 25. h3 gxf5 26. Ng5 Qd4 27. Qh5 h6 28. c3 bxc3 29. bxc3 Qxc3 30. Nxf5 Bd4+ 31. Kh1 Bxg2+ 32. Kxg2 Qd2+ 33. Kh1 hxg5 34. Nxe7+ Kg7 35. Rxf7+ 1-0